000 01516nam a2200397Ia 4500
001 ebr10569665
003 CaPaEBR
006 m u
007 cr cn|||||||||
008 100112s2010 wiu sb 001 0 eng d
010 _z 2010000476
020 _z9780874627770
020 _z9780874627787
020 _z087462777X
040 _aCaPaEBR
_cCaPaEBR
035 _a(OCoLC)797816398
050 1 4 _aBX4705.N5
_bC66 2010eb
082 0 4 _a282.092
_222
100 1 _aConn, Walter E.
245 1 0 _aConscience & conversion in Newman
_h[electronic resource] :
_ba developmental study of self in John Henry Newman /
_cWalter E. Conn.
246 3 _aConscience and conversion in Newman
260 _aMilwaukee, Wis. :
_bMarquette University Press,
_cc2010.
300 _a158 p.
490 1 _aMarquette studies in theology ;
_vno. 71
504 _aIncludes bibliographical references and index.
533 _aElectronic reproduction.
_bPalo Alto, Calif. :
_cebrary,
_d2011.
_nAvailable via World Wide Web.
_nAccess may be limited to ebrary affiliated libraries.
600 1 0 _aNewman, John Henry,
_d1801-1890.
650 0 _aConversion
_xCatholic Church.
650 0 _aCatholic converts
_zEngland.
650 0 _aConscience.
650 0 _aSelf.
655 7 _aElectronic books.
_2local
710 2 _aebrary, Inc.
830 0 _aMarquette studies in theology ;
_v#71.
856 4 0 _uhttp://site.ebrary.com/lib/rucke/Doc?id=10569665
_zAn electronic book accessible through the World Wide Web; click to view
999 _c185342
_d185342